000
00305nam a22001337a 4500
999
_c
534326
_d
534326
020
_a
9612152055
040
_c
MSOHAIL
082
_a
891.4393
100
_a
Zafar Azeem
_9
28470
245
_a
Prem Geet Ki Bikhri Hoi Khushbu
260
_a
Lahore
_b
Sang-e-Meel
_c
c2010
300
_a
183;p
942
_2
ddc
_c
BK